|
|
|
|
| LEADER |
00980cam a2200229 i 4500 |
| 020 |
|
|
|a 9788170006053
|
| 082 |
|
|
|a R 020
|b LAL/O
|
| 100 |
1 |
|
|a Lal C.
|
| 245 |
1 |
0 |
|a Objective questions in library and information science :
|b for NET, (UGC), SLET, SET, JRF, and other competitive tests /
|c C. Lal and K. Kumar.
|
| 250 |
|
|
|a 4th Edition /
|
| 260 |
|
|
|a New Delhi:
|b Ess Ess Publications;
|c 2010.
|
| 300 |
|
|
|a 328 pages ;
|
| 500 |
|
|
|a Previous edition published: New Delhi :Ess Ess publication, 3rd. ed. in 2004 by S.M. Tripathi.
|
| 650 |
|
0 |
|a Library science
|v Examinations, questions, etc.
|
| 650 |
|
0 |
|a UGC NET Library Science
|
| 650 |
|
0 |
|a Information science
|v Examinations, questions, etc.
|
| 650 |
|
0 |
|a Examinations
|v Study guides.
|
| 650 |
|
0 |
|a Objective tests
|v Study guides.
|
| 700 |
1 |
|
|a Kumar, K.
|
| 942 |
|
|
|c REF
|
| 999 |
|
|
|c 56295
|d 56295
|
| 952 |
|
|
|0 0
|1 0
|4 0
|6 R_020_000000000000000_LAL_O
|7 0
|9 79725
|a SSUS
|b SSUS
|c REF
|d 2015-09-07
|g 600.00
|o R 020 LAL/O
|p 075271
|r 2017-11-29
|w 2015-09-07
|y REF
|